Koncepcia krátkodobej ochrany ovocných plodín pred pôsobením nízkych teplôt

Saved in:
Bibliographic Details
Main Author: Iro, Matej (Author)
Other Authors: Chmelko, Vladimír (Thesis advisor)
Format: Manuscript Book
Language:Slovak
Published: 2022
Subjects:
Online Access:http://is.stuba.sk/zp/portal_zp.pl?podrobnosti=157190
Tags: Add Tag
No Tags, Be the first to tag this record!

MARC

LEADER 00000ntm a22000003a 4500
001 stuzp90964
003 SK-STU
005 20220611214216.6
007 ta
008 150427s2015----xo-----f-mn---000-0-slo-d
040 |a STU  |b slo 
041 0 |a slo 
100 1 |a Iro, Matej  |u 020010  |4 aut  |U SjF Strojnícka fakulta  |T SjF Ústav aplikovanej mechaniky a mechatroniky  |X 104881  |U J0010  |Y 801  |7 104881 
242 0 1 |a The concept of short-term protection of fruit crops against low temperatures  |y eng 
245 1 0 |a Koncepcia krátkodobej ochrany ovocných plodín pred pôsobením nízkych teplôt 
260 |c 2022 
650 4 |a fenológia  |2 slo 
650 4 |a Ansys  |2 slo 
650 4 |a protimrazová ochrana  |2 slo 
650 4 |a ovocný sad  |2 slo 
650 4 |a klimatogram  |2 slo 
650 4 |a jarné mrazy  |2 slo 
650 4 |a orchard  |2 eng 
650 4 |a spring frost  |2 eng 
650 4 |a frost protection  |2 eng 
650 4 |a climatogram  |2 eng 
650 4 |a phenology  |2 eng 
700 1 |a Chmelko, Vladimír  |u 020010  |k Z1  |4 ths  |U SjF Strojnícka fakulta  |T SjF Ústav aplikovanej mechaniky a mechatroniky  |X 2396  |U J0010  |Y 801  |7 A000002396 
856 4 |u http://is.stuba.sk/zp/portal_zp.pl?podrobnosti=157190